Calculus for engineers (Record no. 63815)

000 -LEADER
fixed length control field 00496nam a22001937a 4500
003 - CONTROL NUMBER IDENTIFIER
control field NUST - PNEC
005 - DATE AND TIME OF LATEST TRANSACTION
control field 20170116180823.0
008 - FIXED-LENGTH DATA ELEMENTS--GENERAL INFORMATION
fixed length control field 150629b xxu||||| |||| 00| 0 eng d
020 ## - INTERNATIONAL STANDARD BOOK NUMBER
International Standard Book Number 0137854943
040 ## - CATALOGING SOURCE
Transcribing agency LIBRARY
082 ## - DEWEY DECIMAL CLASSIFICATION NUMBER
Classification number 515 TRI
100 ## - MAIN ENTRY--PERSONAL NAME
9 (RLIN) 4245
Personal name Trim, Donald
245 ## - TITLE STATEMENT
Title Calculus for engineers
Statement of responsibility, etc. Donald Trim
250 ## - EDITION STATEMENT
Edition statement -
260 ## - PUBLICATION, DISTRIBUTION, ETC.
Place of publication, distribution, etc. Canada
Name of publisher, distributor, etc. Prentice-Hall
Date of publication, distribution, etc. c1998.
300 ## - PHYSICAL DESCRIPTION
Extent Various Pagess
650 ## - SUBJECT ADDED ENTRY--TOPICAL TERM
9 (RLIN) 4246
Topical term or geographic name entry element Engineering mathematics
General subdivision ME / MIS
942 ## - ADDED ENTRY ELEMENTS (KOHA)
Source of classification or shelving scheme
Koha item type Book
Holdings
Withdrawn status Lost status Source of classification or shelving scheme Damaged status Not for loan Permanent Location Current Location Shelving location Date acquired Source of acquisition Cost, normal purchase price Total Checkouts Full call number Barcode Date last seen Date last checked out Cost, replacement price Price effective from Koha item type
          Pakistan Navy Engineering College (PNEC) Pakistan Navy Engineering College (PNEC)   06/14/2003 M/S Capital Books Co / Library Grant 2969.13 1 515 TRI PNECLIB-026044 11/04/2016 10/21/2016 2969.13 06/14/2003 Book
          Pakistan Navy Engineering College (PNEC) Pakistan Navy Engineering College (PNEC)   06/04/2002 Fair Book Center / Library Grant 1225.00 1 515 TRI PNECLIB-025678 11/09/2016 11/09/2016 1225.00 06/04/2002 Book
© 2023 Central Library, National University of Sciences and Technology. All Rights Reserved.